Komunikačné modely podľa typológie svetových kultúr

Na základe porovnania typológie svetových kultúr je možné vypracovať tri základné typy komunikácie v obchodnej stratégii. V čom spočíva úspešnosť obchodnej komunikácie. Typológia svetových kultúr a základné spôsoby komunikácie týchto kultúr v obchodnom prostredí.

Salvato in:
Dettagli Bibliografici
Autore principale: Vehnerová, Eva
Natura: Capitolo di libro
Lingua:slovacco
Soggetti:
Tags: Aggiungi Tag
Nessun Tag, puoi essere il primo ad aggiungerne!!

MARC

LEADER 00000naa$a2200000$$$4500
001 0093903
005 20240502072039.7
041 0 |a slo 
044 |a SK 
245 1 0 |a Komunikačné modely podľa typológie svetových kultúr  |c Eva Vehnerová 
520 |a Na základe porovnania typológie svetových kultúr je možné vypracovať tri základné typy komunikácie v obchodnej stratégii. V čom spočíva úspešnosť obchodnej komunikácie. Typológia svetových kultúr a základné spôsoby komunikácie týchto kultúr v obchodnom prostredí. 
610 2 0 |a komunikácia 
610 2 0 |a modely 
610 2 0 |a typológia 
610 2 0 |a kultúra 
610 2 0 |a svet 
610 2 0 |a obchod medzinárodný 
100 1 |a Vehnerová, Eva